Jan Lukas : fotografie 1935-1984 /

Salvato in:
Dettagli Bibliografici
Autore principale: Moucha, Josef (Autore, Redattore)
Altri autori: Lucas Martemucci, Helena (Redattore), Jelínek, Luboš (Redattore)
Natura: Libro
Lingua:ceco
Pubblicazione: Chrudim : Světlana a Luboš Jelínkovi, Galerie ART Chrudim, 2013
Edizione:1. vydanie
Soggetti:
Tags: Aggiungi Tag
Nessun Tag, puoi essere il primo ad aggiungerne!!

MARC

LEADER 00000nam a22000003a 4500
001 0072067
003 SK-STU
005 20200121115729.2
007 ta
008 190301s ----xo-----e------000-0-----d
020 |a 978-80-260-3965-5 
040 |a STU  |b slo 
041 0 |a cze 
044 |a xr 
100 1 |a Moucha, Josef  |4 aut  |4 edt 
245 1 0 |a Jan Lukas :  |b fotografie 1935-1984 /  |c aut. Josef Moucha ; ed. Helena Lucas Martemucci, Luboš Jelínek 
250 |a 1. vydanie 
260 |a Chrudim :  |b Světlana a Luboš Jelínkovi, Galerie ART Chrudim,  |c 2013 
300 |a 45 s. 
650 0 7 |a fotografi 
650 0 7 |a Česko 
650 0 7 |a umelecké dielo 
650 0 7 |a Fotografia čiernobiela 
650 0 7 |a ľudia 
700 1 |a Lucas Martemucci, Helena  |4 edt 
700 1 |a Jelínek, Luboš  |4 edt 
996 |b 284AU08011  |c A* 11276/U  |l AAKNAR  |s A  |a 24  |w 0072067_0001